[Event "VIII Weekend A"]
[Site "Gorgonzola ITA"]
[Date "2003.11.23"]
[Round "5"]
[White "Barberi, Alessandro"]
[Black "Gromovs, Sergejs"]
[Result "1-0"]
[WhiteElo "2099"]
[BlackElo "2259"]
[PlyCount "95"]
[EventDate "2003.11.15"]

1. d4 d5 2. c4 c6 3. Nc3 e5 4. dxe5 d4 5. Ne4 Qa5+ 6. Bd2 Qxe5 7. Ng3 c5 8. Nf3
Qe6 9. e4 h5 10. Bd3 f6 11. Nh4 Ne7 12. Be2 g6 13. f4 Nbc6 14. Nxg6 Nxg6 15. f5
Qe5 16. Bxh5 Kd8 17. fxg6 Be6 18. Qe2 d3 19. Qxd3+ Nd4 20. Be2 b5 21. cxb5 c4
22. Ba5+ Ke8 23. Qc3 Rb8 24. Rd1 Bc5 25. Bxc4 Rh4 26. Rd2 Rxe4+ 27. Nxe4 Qxe4+
28. Be2 Rxb5 29. b4 Rxb4 30. Bxb4 Bxb4 31. Qd3 Nc2+ 32. Kd1 Ne3+ 33. Kc1 Qc6+
34. Rc2 Ba3+ 35. Kd2 Nxc2 36. Qb5 Bb4+ 37. Kc1 Ba3+ 38. Kb1 Nd4 39. Qxc6+ Nxc6
40. Bb5 Bf5+ 41. Ka1 Bd7 42. h4 Ne7 43. Bxd7+ Kxd7 44. h5 f5 45. g7 Nc6 46. h6
Ke6 47. Kb1 Nd4 48. Re1+ 1-0

[Event "VIII Weekend A"]
[Site "Gorgonzola ITA"]
[Date "2003.11.23"]
[Round "5"]
[White "Bonade', Massimo"]
[Black "Barlocco, Carlo"]
[Result "1-0"]
[WhiteElo "2053"]
[BlackElo "2132"]
[PlyCount "73"]
[EventDate "2003.11.15"]

1. d4 d5 2. c4 e6 3. Nc3 Nf6 4. Bg5 Nbd7 5. Nf3 Bb4 6. Qb3 c5 7. dxc5 Qa5 8.
Bxf6 Nxc5 9. Qc2 gxf6 10. cxd5 exd5 11. Nd2 Be6 12. e3 Rc8 13. Be2 Ke7 14. O-O
Bxc3 15. bxc3 Na4 16. Qb3 Nxc3 17. Qxb7+ Rc7 18. Qa6 Nxe2+ 19. Qxe2 Rc2 20.
Rfd1 Rb8 21. Qd3 Rbb2 22. Nb3 Qb4 23. Rf1 Rxa2 24. Rxa2 Rxa2 25. Nd4 Qa4 26.
Qxh7 Ra1 27. Qd3 Rxf1+ 28. Qxf1 a5 29. h4 Qc4 30. Qb1 a4 31. h5 Kf8 32. h6 Qc8
33. Qh7 a3 34. Qh8+ Ke7 35. Qxc8 Bxc8 36. h7 a2 37. Nb3 1-0

[Event "VIII Weekend A"]
[Site "Gorgonzola ITA"]
[Date "2003.11.23"]
[Round "5"]
[White "Damia, Angelo"]
[Black "Radice, Luca"]
[Result "1/2-1/2"]
[WhiteElo "2059"]
[BlackElo "2088"]
[PlyCount "39"]
[EventDate "2003.11.15"]

1. e4 e6 2. d4 d5 3. exd5 exd5 4. c4 Nf6 5. Nf3 Be7 6. Be3 O-O 7. h3 Bf5 8.
Nbd2 Nc6 9. Be2 Nb4 10. O-O dxc4 11. Bxc4 Nbd5 12. Qb3 Rb8 13. Ne5 c6 14. a3
Be6 15. Rad1 Qa5 16. Qa2 Nc7 17. Bxe6 Nxe6 18. Ndf3 Qd5 19. Qxd5 cxd5 20. Bg5
1/2-1/2

[Event "VIII Weekend A"]
[Site "Gorgonzola ITA"]
[Date "2003.11.23"]
[Round "5"]
[White "Di Majo, Carlo"]
[Black "Bisignano, Giuseppe"]
[Result "1/2-1/2"]
[WhiteElo "1977"]
[BlackElo "2055"]
[PlyCount "131"]
[EventDate "2003.11.15"]

1. d4 Nf6 2. Nf3 e6 3. Bf4 d6 4. e3 Nbd7 5. h3 Nh5 6. Bh2 Be7 7. Bd3 f5 8. g4
fxg4 9. hxg4 Nhf6 10. g5 Ng4 11. Bg3 Bxg5 12. Bg6+ Kf8 13. Rxh7 Rxh7 14. Bxh7
Qf6 15. Nc3 d5 16. Nxg5 Qxg5 17. Qf3+ Ndf6 18. O-O-O Bd7 19. Rh1 Nh6 20. Bxc7
Ke7 21. Bd3 Rf8 22. Qg3 Qxg3 23. Bxg3 a6 24. Kd2 b5 25. Ne2 Nfg4 26. Nf4 Kd8
27. Ke2 Kc8 28. Ng6 Re8 29. f3 Nf6 30. Ne5 Nf5 31. Bxf5 exf5 32. Nf7 Rf8 33.
Nd6+ Kd8 34. Be5 Ke7 35. Nb7 Kf7 36. Nc5 b4 37. Nxd7 Nxd7 38. Bd6 Rc8 39. Kd3
a5 40. a3 Rc6 41. Be5 bxa3 42. bxa3 Nb6 43. Rb1 g5 44. Rb5 Na4 45. Rxd5 Nb2+
46. Kd2 Nc4+ 47. Ke2 a4 48. Bg3 Kg6 49. Rc5 Rxc5 50. dxc5 Nxa3 51. Kd3 Kf6 52.
c4 Ke6 53. Be1 g4 54. fxg4 fxg4 55. Bg3 Kd7 56. Bh4 Kc6 57. e4 g3 58. Bxg3 Kxc5
59. Bf2+ Kb4 60. c5 Nc4 61. Bd4 a3 62. c6 Nd6 63. e5 Nb5 64. Ba1 Kc5 65. Kc2
Kxc6 66. Kb3 1/2-1/2

[Event "VIII Weekend A"]
[Site "Gorgonzola ITA"]
[Date "2003.11.23"]
[Round "5"]
[White "Facchetti, Gianni"]
[Black "Brunello, Sabino"]
[Result "1-0"]
[WhiteElo "2159"]
[BlackElo "2206"]
[PlyCount "53"]
[EventDate "2003.11.15"]

1. e4 e5 2. Nf3 Nc6 3. d4 exd4 4. Bc4 Bc5 5. Ng5 Nh6 6. Nxf7 Nxf7 7. Bxf7+ Kxf7
8. Qh5+ g6 9. Qxc5 d6 10. Qc4+ Be6 11. Qe2 Kg7 12. O-O Rf8 13. Nd2 Qf6 14. a3
Rae8 15. Qd3 d5 16. b3 dxe4 17. Nxe4 Qe5 18. Ng3 Bf5 19. Nxf5+ Qxf5 20. Qd2 Qb5
21. Bb2 Re2 22. Bxd4+ Kg8 23. Qc3 Nxd4 24. Qxd4 Rxc2 25. b4 b6 26. Rae1 Re2 27.
a4 1-0

[Event "VIII Weekend A"]
[Site "Gorgonzola ITA"]
[Date "2003.11.23"]
[Round "5"]
[White "Manzoni, Alessandro"]
[Black "Bemporad, Filippo"]
[Result "1-0"]
[WhiteElo "2034"]
[BlackElo "2076"]
[PlyCount "131"]
[EventDate "2003.11.15"]

1. e4 c5 2. Nc3 Nc6 3. g3 g6 4. Bg2 Bg7 5. Nge2 e6 6. O-O Nge7 7. d3 O-O 8. Bf4
d6 9. Qd2 Nd4 10. Nxd4 Bxd4 11. Rab1 Bg7 12. Bh6 Rb8 13. Bxg7 Kxg7 14. h4 h5
15. d4 c4 16. Ne2 b5 17. c3 Ng8 18. Rbd1 Nh6 19. Qf4 a5 20. f3 b4 21. Rb1 Ba6
22. Bh3 Qe7 23. Qe3 Rfe8 24. Nf4 Bb7 25. Ng2 Bc6 26. Qe2 f5 27. Rfe1 Qb7 28.
Qc2 d5 29. exf5 exf5 30. Nf4 Re7 31. Ne6+ Kf6 32. Qd2 Nf7 33. Nc5 Qc7 34. Rxe7
Qxg3+ 35. Bg2 Kxe7 36. Re1+ Kf8 37. Re6 Re8 38. Rxe8+ Bxe8 39. cxb4 a4 40. Qf2
Qxf2+ 41. Kxf2 Ke7 42. f4 Kd6 43. Bf3 Nd8 44. Ke3 Ne6 45. Nb7+ Kc6 46. b5+ Kb6
47. Nd6 Nc7 48. Nxe8 Nxe8 49. Bxd5 Kxb5 50. Bf7 Nd6 51. Bxg6 Kb4 52. Bxh5 a3
53. bxa3+ Kxa3 54. Bf3 c3 55. Kd3 Kb2 56. Bd1 Ne4 57. Ba4 Nf2+ 58. Ke3 Ng4+ 59.
Kd3 Nf2+ 60. Ke2 Ne4 61. Ke3 Kxa2 62. h5 Ka3 63. Bc2 Kb2 64. Bd3 Nd6 65. h6 c2
66. Bxc2 1-0

[Event "VIII Weekend A"]
[Site "Gorgonzola ITA"]
[Date "2003.11.23"]
[Round "5"]
[White "Pace, Pietro Dario"]
[Black "Bonazzi, Edoardo"]
[Result "1/2-1/2"]
[WhiteElo "2115"]
[BlackElo "2139"]
[PlyCount "222"]
[EventDate "2003.11.15"]

1. e4 c5 2. Nf3 e6 3. c3 d5 4. e5 Nc6 5. d4 Qb6 6. Be2 Bd7 7. O-O cxd4 8. cxd4
Nge7 9. b3 Nf5 10. Bb2 Be7 11. g4 Nh4 12. Nxh4 Bxh4 13. Na3 O-O 14. Nc2 Be7 15.
Kh1 Rfc8 16. f4 Nb4 17. Nxb4 Bxb4 18. f5 Bb5 19. Rf3 Bxe2 20. Qxe2 Qa6 21. Qf2
Ba3 22. f6 Bxb2 23. Qxb2 Qc6 24. Qd2 Qc2 25. Qf4 Qe4 26. Qxe4 dxe4 27. Rf2 Rc3
28. Rd1 Rd8 29. Kg2 Rd3 30. Rfd2 R8xd4 31. Rxd3 exd3 32. Kf3 gxf6 33. exf6 h6
34. Ke3 Rxg4 35. Rxd3 Rg2 36. Rd7 Rxh2 37. Rxb7 Rxa2 38. Kf4 Ra5 39. Ke4 h5 40.
b4 Ra1 41. Kf4 Rf1+ 42. Ke5 Rb1 43. b5 h4 44. Kf4 Rb3 45. Kg5 Rg3+ 46. Kxh4 Rg6
47. Rxa7 Rxf6 48. b6 Rf4+ 49. Kg5 Rb4 50. Kf6 Rf4+ 51. Ke5 Rb4 52. b7 Kg7 53.
Kd6 Kf6 54. Kc7 Rc4+ 55. Kb8 Rb4 56. Ka8 Ke5 57. b8=Q+ Rxb8+ 58. Kxb8 f5 59.
Kc7 Ke4 60. Kd6 f4 61. Ra4+ Ke3 62. Ke5 f3 63. Ra3+ Ke2 64. Ke4 f2 65. Ra2+ Ke1
66. Ke3 f1=N+ 67. Kd3 Ng3 68. Rg2 Nf1 69. Re2+ Kd1 70. Rxe6 Ng3 71. Rg6 Nf1 72.
Rg2 Ke1 73. Re2+ Kd1 74. Ra2 Ke1 75. Ke4 Nd2+ 76. Ke3 Nf1+ 77. Kd3 Ng3 78. Rb2
Nf1 79. Rc2 Ng3 80. Rc8 Nf1 81. Rf8 Ng3 82. Rf3 Nf1 83. Rf4 Ng3 84. Rg4 Nf1 85.
Re4+ Kd1 86. Re7 Ng3 87. Ra7 Ke1 88. Ra1+ Kf2 89. Ra2+ Kf3 90. Ra1 Kf2 91. Rb1
Kf3 92. Kd4 Ne2+ 93. Ke5 Ng3 94. Rb3+ Kf2 95. Kf4 Ne2+ 96. Kg4 Nd4 97. Ra3 Ne2
98. Rf3+ Ke1 99. Re3 Kd2 100. Kf3 Nd4+ 101. Ke4 Ne2 102. Rd3+ Kc2 103. Ke3 Nc3
104. Rd2+ Kb3 105. Kd3 Nb5 106. Rd1 Kb4 107. Rc1 Nd6 108. Rc6 Nb5 109. Rc4+ Kb3
110. Rg4 Nd6 111. Rg1 Kb4 1/2-1/2

[Event "VIII Weekend A"]
[Site "Gorgonzola ITA"]
[Date "2003.11.23"]
[Round "5"]
[White "Pepe, Mario"]
[Black "Massironi, Marco"]
[Result "0-1"]
[WhiteElo "1953"]
[BlackElo "2082"]
[PlyCount "98"]
[EventDate "2003.11.15"]

1. e4 c5 2. d4 cxd4 3. c3 dxc3 4. Nxc3 Nc6 5. Nf3 e6 6. Bc4 Qc7 7. O-O Nf6 8.
Qe2 Ng4 9. Rd1 Bc5 10. Be3 Nxe3 11. fxe3 a6 12. a3 Ne5 13. Ba2 Ng4 14. Rd3 b5
15. Rad1 O-O 16. Bb1 Ne5 17. Nxe5 Qxe5 18. Rf1 Bd6 19. Rf4 a5 20. Qf3 b4 21.
Nd1 Ba6 22. Rd4 Bb5 23. Nf2 Bc5 24. Ng4 Qg5 25. Nf6+ Kh8 26. Nxh7 Kxh7 27. e5+
Kg8 28. Rg4 Qxe5 29. Rxg7+ Qxg7 30. Rg4 f5 31. Rxg7+ Kxg7 32. Qg3+ Kf7 33. Kf2
f4 34. Qg6+ Ke7 35. Qg5+ Kd6 36. Ke1 fxe3 37. Qg3+ Kc6 38. Be4+ d5 39. Bf3 bxa3
40. bxa3 Bxa3 41. Qe5 Bb4+ 42. Kd1 Rae8 43. Qxe3 Bc5 44. Qh6 a4 45. Bh5 Rf1+
46. Kc2 Rf2+ 47. Kc1 Re7 48. Bg4 a3 49. Bxe6 a2 0-1

[Event "VIII Weekend A"]
[Site "Gorgonzola ITA"]
[Date "2003.11.23"]
[Round "5"]
[White "Sbarra, Marco"]
[Black "Lapiccirella, Mattia"]
[Result "1/2-1/2"]
[WhiteElo "2235"]
[BlackElo "2180"]
[PlyCount "39"]
[EventDate "2003.11.15"]

1. e4 c5 2. Nf3 Nc6 3. Bb5 g6 4. Bxc6 dxc6 5. d3 Bg7 6. h3 Nf6 7. Nc3 O-O 8.
Be3 b6 9. Qd2 e5 10. Bh6 Qd6 11. Bxg7 Kxg7 12. O-O Ne8 13. Ne2 Nc7 14. a4 a5
15. Qc3 f6 16. Nd2 Ne6 17. Nc4 Qc7 18. Rad1 Nd4 19. b3 Be6 20. Qd2 1/2-1/2

[Event "VIII Weekend A"]
[Site "Gorgonzola ITA"]
[Date "2003.11.23"]
[Round "5"]
[White "Vancini, Edoardo"]
[Black "Mrdja, Milan"]
[Result "1-0"]
[WhiteElo "2284"]
[BlackElo "2387"]
[PlyCount "81"]
[EventDate "2003.11.15"]

1. d4 g6 2. Nf3 Bg7 3. Nc3 d6 4. e4 Nd7 5. Be3 a6 6. Qd2 h6 7. O-O-O e6 8. h4
Ne7 9. h5 g5 10. Nh2 f5 11. f4 g4 12. d5 Nf6 13. Bd4 exd5 14. Bxf6 Bxf6 15.
Nxd5 Nxd5 16. Qxd5 c6 17. Qxd6 Qxd6 18. Rxd6 Be7 19. Rg6 fxe4 20. Nxg4 Bf5 21.
Rxh6 O-O 22. Ne3 Bh7 23. g3 Kg7 24. Re6 Bc5 25. Kd2 Rad8+ 26. Ke2 Kf7 27. Bh3
Rg8 28. Re5 Bxe3 29. Be6+ Kf6 30. Bxg8 Rxg8 31. Kxe3 Rxg3+ 32. Kd4 b6 33. Re8
c5+ 34. Kd5 Rg2 35. Rf8+ Kg7 36. Rb8 Kf6 37. Rxb6+ Kf5 38. c4 e3 39. Rb7 Bg8+
40. Kxc5 Kxf4 41. h6 1-0

[Event "VIII Weekend A"]
[Site "Gorgonzola ITA"]
[Date "2003.11.23"]
[Round "5"]
[White "Zacco, Remo"]
[Black "Astengo, Corrado"]
[Result "0-1"]
[WhiteElo "2077"]
[BlackElo "2166"]
[PlyCount "62"]
[EventDate "2003.11.15"]

1. e4 e6 2. d3 d5 3. Nd2 Nf6 4. Be2 c5 5. e5 Nfd7 6. f4 f6 7. exf6 Nxf6 8. Bf3
Bd6 9. Ne2 Qc7 10. Nb3 Nc6 11. c4 d4 12. Bd2 e5 13. g3 Bf5 14. Qc2 O-O 15.
O-O-O Rae8 16. Be4 Bxe4 17. dxe4 exf4 18. Nxf4 Nxe4 19. Nd5 Qd8 20. Bf4 Bxf4+
21. gxf4 Qd6 22. Rdf1 Nf6 23. Rhg1 Nxd5 24. cxd5 Nb4 25. Qg2 Rf7 26. f5 Qxd5
27. Qh3 Nxa2+ 28. Kb1 Nc3+ 29. bxc3 Qxb3+ 30. Kc1 Re2 31. Qd3 Re3 0-1

[Event "VIII Weekend A"]
[Site "Gorgonzola ITA"]
[Date "2003.11.23"]
[Round "6"]
[White "Astengo, Corrado"]
[Black "Castrogiovanni, Carlo"]
[Result "1/2-1/2"]
[WhiteElo "2166"]
[BlackElo "2068"]
[PlyCount "43"]
[EventDate "2003.11.15"]

1. e4 c5 2. Nf3 a6 3. Nc3 e6 4. d4 cxd4 5. Nxd4 Qc7 6. Bd3 Nc6 7. Be3 Nf6 8.
Nxc6 dxc6 9. f4 e5 10. Qf3 Ng4 11. Bd2 exf4 12. Bxf4 Bd6 13. Bxd6 Qxd6 14. h3
Ne5 15. Qe3 Be6 16. O-O O-O-O 17. Rfd1 Qb4 18. Rab1 h6 19. a3 Qd4 20. Kf2 Qxe3+
21. Kxe3 Kc7 22. Ne2 1/2-1/2

[Event "VIII Weekend A"]
[Site "Gorgonzola ITA"]
[Date "2003.11.23"]
[Round "6"]
[White "Astengo, Marcello"]
[Black "Di Majo, Carlo"]
[Result "1-0"]
[WhiteElo "2066"]
[BlackElo "1977"]
[PlyCount "109"]
[EventDate "2003.11.15"]

1. d4 Nf6 2. c4 e6 3. Nc3 d5 4. cxd5 exd5 5. Bg5 Be7 6. e3 O-O 7. Bd3 c6 8. Qc2
Nbd7 9. Nge2 Re8 10. O-O Nf8 11. f3 Nh5 12. Bxe7 Qxe7 13. e4 Be6 14. e5 g6 15.
Rae1 Rac8 16. f4 Ng7 17. Kh1 Nf5 18. Qd2 h5 19. Bb1 Kg7 20. Ng3 Qd7 21. Nce2 h4
22. Nxf5+ Bxf5 23. Ng1 Bxb1 24. Rxb1 Qf5 25. Qf2 Ne6 26. Rbd1 Rh8 27. Qf3 Rc7
28. Rf2 Rd7 29. Ne2 b6 30. Rd3 c5 31. g4 Qe4 32. f5 Ng5 33. Qxe4 dxe4 34. Rd1
Rhd8 35. fxg6 fxg6 36. Rf6 Nf3 37. g5 Nxe5 38. Nf4 Re8 39. d5 b5 40. Ne6+ Kg8
41. Nxc5 Rc7 42. Nxe4 Rc2 43. Re6 Rxe6 44. dxe6 Nf3 45. Rd8+ Kg7 46. Rd7+ Kh8
47. Nd2 Nxd2 48. e7 Rc1+ 49. Kg2 Re1 50. Rd8+ Kg7 51. e8=Q Rxe8 52. Rxe8 a6 53.
Re7+ Kf8 54. Ra7 Ne4 55. Rxa6 1-0

[Event "VIII Weekend A"]
[Site "Gorgonzola ITA"]
[Date "2003.11.23"]
[Round "6"]
[White "Barlocco, Carlo"]
[Black "Damia, Angelo"]
[Result "0-1"]
[WhiteElo "2132"]
[BlackElo "2059"]
[PlyCount "68"]
[EventDate "2003.11.15"]

1. d4 Nf6 2. Nc3 d5 3. f3 e6 4. e4 Be7 5. Be3 b6 6. Qd2 Bb7 7. Bd3 dxe4 8. Nxe4
Nxe4 9. Bxe4 Bxe4 10. fxe4 O-O 11. Nf3 f5 12. exf5 exf5 13. O-O-O Nd7 14. Rhe1
Nf6 15. Ne5 Ne4 16. Qd3 Qd5 17. c4 Qe6 18. g4 f4 19. Qxe4 fxe3 20. Qxe3 Bf6 21.
d5 Qe7 22. Qc3 Rfe8 23. Nc6 Qc5 24. Qc2 a5 25. Kb1 Bh4 26. Rxe8+ Rxe8 27. Nd4
Bf6 28. Ne6 Qd6 29. Qa4 Re7 30. g5 Be5 31. Rf1 Rxe6 32. Qc2 Re8 33. h4 Qg6 34.
Rf5 Rf8 0-1

[Event "VIII Weekend A"]
[Site "Gorgonzola ITA"]
[Date "2003.11.23"]
[Round "6"]
[White "Bisignano, Giuseppe"]
[Black "Bemporad, Filippo"]
[Result "0-1"]
[WhiteElo "2055"]
[BlackElo "2076"]
[PlyCount "66"]
[EventDate "2003.11.15"]

1. e4 c5 2. Nf3 d6 3. d3 Nc6 4. g3 g6 5. Bg2 Bg7 6. c3 Nf6 7. O-O O-O 8. h3 Rb8
9. Be3 b5 10. Nbd2 Bb7 11. d4 Nd7 12. Qe2 b4 13. Rfd1 bxc3 14. bxc3 cxd4 15.
Nxd4 Nc5 16. e5 Nxe5 17. Bxb7 Rxb7 18. f4 Ned7 19. Nc6 Qe8 20. Bd4 Nf6 21. Qf3
Rc7 22. Bxc5 Qxc6 23. Bd4 Qxf3 24. Nxf3 Ne4 25. g4 Nxc3 26. Re1 e6 27. a4 a6
28. Ra3 Bxd4+ 29. Nxd4 Rc4 30. a5 Rfc8 31. Re3 Nd5 32. Red3 Nxf4 33. Rd2 Rxd4
0-1

[Event "VIII Weekend A"]
[Site "Gorgonzola ITA"]
[Date "2003.11.23"]
[Round "6"]
[White "Bonade', Massimo"]
[Black "Pace, Pietro Dario"]
[Result "1/2-1/2"]
[WhiteElo "2053"]
[BlackElo "2115"]
[PlyCount "156"]
[EventDate "2003.11.15"]

1. d4 d5 2. c4 c6 3. Nf3 Nf6 4. Nc3 dxc4 5. a4 Bf5 6. e3 e6 7. Bxc4 Nbd7 8. O-O
Bb4 9. Bd3 Bg4 10. e4 Bh5 11. e5 Nd5 12. Ne4 Bg6 13. Bg5 Qc7 14. Nfd2 O-O 15.
Nc4 N7b6 16. Ncd6 Nc8 17. Nc4 Nce7 18. Ned6 Nf5 19. Nxf5 exf5 20. Qf3 Qd7 21.
Ne3 h6 22. Nxd5 cxd5 23. Bf4 Be7 24. Rfc1 Rfc8 25. b3 a6 26. Qe3 Bh7 27. Rxc8+
Rxc8 28. Rc1 g5 29. Rxc8+ Qxc8 30. Qc1 Qxc1+ 31. Bxc1 Bb4 32. Bb2 Bg6 33. Kf1
Kf8 34. Ke2 Ke7 35. Bb1 Ke6 36. Bc2 Bh5+ 37. f3 f6 38. exf6 Kxf6 39. Kd3 Bd6
40. h3 g4 41. hxg4 fxg4 42. Ke2 gxf3+ 43. gxf3 Bg6 44. Bd1 Kg5 45. Kf2 h5 46.
Bc1+ Bf4 47. Ba3 h4 48. Be7+ Kh5 49. b4 Bf5 50. Bb3 Be6 51. a5 h3 52. Ba4 h2
53. Be8+ Kh6 54. Kg2 Bh3+ 55. Kh1 Kg7 56. Bh5 Be6 57. Be8 Bf7 58. Ba4 Bh5 59.
Bd1 Kf7 60. Bc5 Bg6 61. Kg2 Bd3 62. Kh1 Ke6 63. Kg2 Bb8 64. Bf8 Kf5 65. Be7 Kf4
66. Kxh2 Ke3+ 67. Kh3 Bf5+ 68. Kh4 Kxd4 69. Kg5 Ke5 70. Bf6+ Ke6 71. Bb3 Bd3
72. Bd4 Bd6 73. Bc3 Be2 74. f4 Bd3 75. Bd1 Be7+ 76. Kg4 Bf5+ 77. Kf3 Bd6 78.
Be2 Bb8 1/2-1/2

[Event "VIII Weekend A"]
[Site "Gorgonzola ITA"]
[Date "2003.11.23"]
[Round "6"]
[White "Brunello, Sabino"]
[Black "Bonazzi, Edoardo"]
[Result "1-0"]
[WhiteElo "2206"]
[BlackElo "2139"]
[PlyCount "63"]
[EventDate "2003.11.15"]

1. e4 c6 2. d4 d5 3. e5 c5 4. dxc5 Nc6 5. Bb5 e6 6. Be3 Nge7 7. c3 Bd7 8. Bxc6
Nxc6 9. Nf3 Qc7 10. Bd4 Nxd4 11. cxd4 b6 12. cxb6 Qxb6 13. O-O Qxb2 14. Nbd2
Be7 15. Qc1 Qxc1 16. Rfxc1 Bd8 17. Nb3 Ke7 18. Nfd2 Bb6 19. Nc5 Rhc8 20. Ndb3
Rab8 21. Rab1 Bd8 22. f4 Bb5 23. Kf2 Bc4 24. Nd2 Bb6 25. Nxc4 Bxc5 26. dxc5
dxc4 27. Rxb8 Rxb8 28. Rxc4 Rb2+ 29. Kg3 Kd7 30. Ra4 Rb7 31. Ra6 Kc7 32. c6 1-0

[Event "VIII Weekend A"]
[Site "Gorgonzola ITA"]
[Date "2003.11.23"]
[Round "6"]
[White "Gromovs, Sergejs"]
[Black "Facchetti, Gianni"]
[Result "1-0"]
[WhiteElo "2259"]
[BlackElo "2159"]
[PlyCount "77"]
[EventDate "2003.11.15"]

1. d4 Nf6 2. Nf3 d6 3. c4 Nbd7 4. Nc3 e5 5. e4 Be7 6. Be2 c6 7. O-O O-O 8. h3
Qc7 9. Be3 b6 10. Rc1 Bb7 11. b4 Rad8 12. Qb3 exd4 13. Nxd4 Rfe8 14. f4 Bf8 15.
Bf3 a6 16. Bf2 c5 17. Nd5 Bxd5 18. cxd5 Nxe4 19. Ne6 fxe6 20. Bxe4 e5 21. Qd3
Nf6 22. Bh4 Ra8 23. Bxf6 gxf6 24. fxe5 Rxe5 25. bxc5 bxc5 26. Rxf6 Rae8 27. Re6
Kh8 28. Rf1 Bg7 29. Qxa6 R5xe6 30. dxe6 Qe7 31. Bc6 Rb8 32. Qe2 Bd4+ 33. Kh1
Be5 34. Bd5 Rf8 35. Rf7 Rb8 36. Qf1 Qg5 37. Rf8+ Kg7 38. Rxb8 Qg3 39. Rg8+ 1-0

[Event "VIII Weekend A"]
[Site "Gorgonzola ITA"]
[Date "2003.11.23"]
[Round "6"]
[White "Massironi, Marco"]
[Black "Lapiccirella, Mattia"]
[Result "1-0"]
[WhiteElo "2082"]
[BlackElo "2180"]
[PlyCount "59"]
[EventDate "2003.11.15"]

1. e4 c5 2. Nf3 Nc6 3. d4 cxd4 4. Nxd4 Nf6 5. Nc3 d6 6. Bc4 Qb6 7. Nb3 e6 8.
Be3 Qc7 9. O-O Be7 10. f4 O-O 11. Qe2 a6 12. a4 b6 13. Rad1 Nb4 14. Bd3 Bb7 15.
Nd4 d5 16. e5 Ne4 17. Bxe4 dxe4 18. Kh1 Rac8 19. f5 Qxe5 20. Bf4 Qc5 21. fxe6
f5 22. Nb3 Qc6 23. Rd7 Bf6 24. Bd6 Bxc3 25. bxc3 Nd5 26. Bxf8 Rxf8 27. Nd4 Qxc3
28. Nxf5 Bc6 29. Nh6+ gxh6 30. Qg4+ 1-0

[Event "VIII Weekend A"]
[Site "Gorgonzola ITA"]
[Date "2003.11.23"]
[Round "6"]
[White "Mrdja, Milan"]
[Black "Sbarra, Marco"]
[Result "1-0"]
[WhiteElo "2387"]
[BlackElo "2235"]
[PlyCount "49"]
[EventDate "2003.11.15"]

1. e4 e5 2. Bc4 Nf6 3. d3 Nc6 4. Nf3 h6 5. O-O g6 6. d4 Nxe4 7. dxe5 Nc5 8. Re1
Bg7 9. Nc3 O-O 10. Bf4 Ne6 11. Bg3 Ne7 12. Qe2 Nf5 13. Rad1 Nxg3 14. hxg3 Re8
15. Qd2 b6 16. a3 a5 17. Bb5 Nf8 18. Bc4 Ne6 19. Ne4 Bb7 20. Bd5 Qc8 21. Bxb7
Qxb7 22. Nf6+ Bxf6 23. exf6 g5 24. Qxd7 Rad8 25. Rxe6 1-0

[Event "VIII Weekend A"]
[Site "Gorgonzola ITA"]
[Date "2003.11.23"]
[Round "6"]
[White "Radice, Luca"]
[Black "Manzoni, Alessandro"]
[Result "1-0"]
[WhiteElo "2088"]
[BlackElo "2034"]
[PlyCount "123"]
[EventDate "2003.11.15"]

1. d4 d5 2. c4 c6 3. Nf3 Nf6 4. Nc3 e6 5. e3 Nbd7 6. Bd3 Bd6 7. O-O O-O 8. b3
dxc4 9. bxc4 Qe7 10. Qc2 e5 11. h3 Re8 12. Nd2 Nf8 13. Nde4 Bc7 14. d5 Nh5 15.
g4 f5 16. d6 Qh4 17. dxc7 fxg4 18. hxg4 Bxg4 19. f3 Bh3 20. Qh2 Re6 21. Kh1 Rg6
22. Rg1 Rxg1+ 23. Qxg1 Bf1+ 24. Qh2 Qxh2+ 25. Kxh2 Bxd3 26. Nd6 Bxc4 27. c8=N
Rxc8 28. Nxc8 Nd7 29. Ba3 a5 30. Rd1 Nhf6 31. Be7 h6 32. Bd8 a4 33. Nb6 Nxb6
34. Bxb6 g5 35. Rd2 g4 36. fxg4 Nxg4+ 37. Kg3 Nf6 38. Kh4 Nd5 39. Nxd5 cxd5 40.
a3 Kf7 41. Kg4 Ke6 42. Bc5 b5 43. Rh2 h5+ 44. Kg5 d4 45. Rd2 dxe3 46. Bxe3 e4
47. Rd4 Ke5 48. Kxh5 Kf5 49. Kh4 Ke5 50. Kg5 Bd5 51. Rd2 Bc4 52. Bf4+ Ke6 53.
Rd6+ Ke7 54. Rb6 Kd7 55. Kf5 Bd3 56. Be3 Kc7 57. Ke5 Kd7 58. Kd5 Kc7 59. Rg6 b4
60. Rg7+ Kb8 61. axb4 Bc2 62. Kc6 1-0

[Event "VIII Weekend A"]
[Site "Gorgonzola ITA"]
[Date "2003.11.23"]
[Round "6"]
[White "Vancini, Edoardo"]
[Black "Barberi, Alessandro"]
[Result "1-0"]
[WhiteElo "2284"]
[BlackElo "2099"]
[PlyCount "77"]
[EventDate "2003.11.15"]

1. e4 c5 2. Nc3 Nc6 3. g3 g6 4. Bg2 Bg7 5. d3 e5 6. Nd5 d6 7. h4 h6 8. Be3 Be6
9. c3 Nf6 10. Ne2 Bxd5 11. exd5 Ne7 12. Qa4+ Qd7 13. Qb3 O-O 14. d4 cxd4 15.
cxd4 e4 16. Nc3 Nf5 17. Bh3 Rab8 18. O-O a6 19. Qb6 Kh7 20. f3 Qd8 21. Qxd8
Rbxd8 22. Bxf5 gxf5 23. Kg2 Rfe8 24. Bg1 Re7 25. fxe4 fxe4 26. Rf5 e3 27. Re1
Rde8 28. Kf3 Kg6 29. g4 h5 30. Rg5+ Kh6 31. gxh5 Nh7 32. Rg4 Nf6 33. Rg5 Nh7
34. Rg4 Nf6 35. Rf4 Nxh5 36. Re4 Rxe4 37. Nxe4 Bxd4 38. Nxd6 Re7 39. Nf5+ 1-0

[Event "VIII Weekend A"]
[Site "Gorgonzola ITA"]
[Date "2003.11.23"]
[Round "6"]
[White "Zacco, Remo"]
[Black "Pepe, Mario"]
[Result "0-1"]
[WhiteElo "2077"]
[BlackElo "1953"]
[PlyCount "134"]
[EventDate "2003.11.15"]

1. e4 Nf6 2. e5 Nd5 3. d4 d6 4. Nf3 Bg4 5. Be2 e6 6. O-O Be7 7. c4 Nb6 8. Nc3
O-O 9. exd6 cxd6 10. b3 Nc6 11. Be3 d5 12. c5 Nc8 13. a3 Bf6 14. Rc1 N8e7 15.
b4 a6 16. Na4 Nf5 17. Nb6 Ra7 18. Qd3 Bxf3 19. Bxf3 Ncxd4 20. Bd1 Nxe3 21. fxe3
Nf5 22. Ba4 Bg5 23. Rce1 d4 24. e4 Ne3 25. Rf3 e5 26. Nd7 b5 27. Nxe5 bxa4 28.
Nc6 Qc7 29. Nxa7 Qxa7 30. Re2 Rd8 31. e5 Qc7 32. e6 fxe6 33. Qxa6 e5 34. Qe6+
Kh8 35. Rf7 Qb8 36. Ref2 h6 37. Qg6 Rg8 38. c6 Nd5 39. g3 Be3 40. Kg2 Bxf2 41.
Rxf2 Rf8 42. Rf7 Rxf7 43. Qxf7 Nc7 44. Qe7 Nb5 45. Qc5 Kg8 46. h4 Kf7 47. Qd5+
Kf6 48. g4 Nc7 49. Qd6+ Kf7 50. Qxe5 Qb6 51. Qe4 Ne6 52. Qd3 Qc7 53. b5 Ke7 54.
Qe4 Qf4 55. Qxf4 Nxf4+ 56. Kf3 Nd5 57. Ke4 Nc3+ 58. Kxd4 Nxb5+ 59. Kc5 Nxa3 60.
Kb4 Nc2+ 61. Kxa4 Kd6 62. c7 Kxc7 63. Kb5 Kd6 64. g5 hxg5 65. hxg5 Ke5 66. Kc4
Kf5 67. Kd3 Nb4+ 0-1